| Tag |
First Indicator |
Second Indicator |
Subfields |
| LEADER |
00000pam a2200000 i 4500 |
| 001 |
in00000046302 |
| 005 |
20151007071311.0 |
| 008 |
790910s1979 ne a b 10110 eng |
| 010 |
|
|
|a 79021317
|
| 020 |
|
|
|a 0444853499
|
| 035 |
|
|
|a (OCoLC)05449076
|
| 035 |
|
|
|9 AAE5705AM
|
| 040 |
|
|
|a DLC
|c DLC
|d TXA
|d UtOrBLW
|
| 049 |
|
|
|a TXAM
|c [981390]
|
| 050 |
0 |
0 |
|a TK5101.A1
|b I483 1979
|
| 082 |
0 |
|
|a 001.5
|
| 111 |
2 |
|
|a International Conference on Teleinformatics
|d (1979 :
|c Paris)
|
| 245 |
1 |
0 |
|a Teleinformatics '79 :
|b proceedings of the International Conference on Teleinformatics, Paris, France, 11-13 June 1979 /
|c edited by E. J. Boutmy, A. Danthine ; sponsored by IFIP TC-6 and others; organized by AFCET.
|
| 264 |
|
1 |
|a Amsterdam ;
|a New York :
|b North-Holland Pub. Co. ;
|c 1979.
|
| 264 |
|
2 |
|a New York :
|b Sole distributors for U.S.A., Elsevier North-Holland,
|
| 300 |
|
|
|a xi, 315 pages :
|b illustrations ;
|c 27 cm.
|
| 336 |
|
|
|a text
|b txt
|2 rdacontent
|
| 337 |
|
|
|a unmediated
|b n
|2 rdamedia
|
| 338 |
|
|
|a volume
|b nc
|2 rdacarrier
|
| 504 |
|
|
|a Includes bibliographical references and index.
|
| 650 |
|
0 |
|a Telecommunication
|v Congresses.
|
| 650 |
|
0 |
|a Data transmission systems
|v Congresses.
|
| 650 |
|
0 |
|a Computer networks
|v Congresses.
|
| 650 |
|
0 |
|a Human-machine systems
|v Congresses.
|
| 650 |
|
0 |
|a Electronic data processing
|x Distributed processing
|v Congresses.
|
| 650 |
|
0 |
|a Computer-assisted instruction
|v Congresses.
|
| 700 |
1 |
|
|a Boutmy, E. J.
|
| 700 |
1 |
|
|a Danthine, A.
|
| 710 |
2 |
|
|a International Federation for Information Processing.
|b Technical Committee 6.
|
| 710 |
2 |
|
|a Association française pour la cybernétique économique et technique.
|
| 999 |
|
|
|a MARS
|
| 999 |
f |
f |
|s 04d1736f-df2c-30a5-8ba0-0721ba322d79
|i e9e16900-d638-31c6-a0f8-df43a4374e0c
|t 0
|
| 952 |
f |
f |
|p ric
|a Texas A&M University
|b Rellis Campus
|c Joint Library Facility
|d Remote Storage
|t 0
|e TK5101.A1 I483 1979
|h Library of Congress classification
|i unmediated -- volume
|m A14805478687
|
| 998 |
f |
f |
|a TK5101.A1 I483 1979
|t 0
|l Remote Storage
|